| 000 | 00411nam a2200145Ia 4500 | ||
|---|---|---|---|
| 003 | GCL | ||
| 008 | 140319s9999 xx 000 0 ara d | ||
| 040 |
_aGCL / _cGCL |
||
| 082 | 0 | 4 |
_aط _b221.12 _bق ق |
| 245 | 1 | 0 | _aالقران الكريم , جزء عم |
| 300 | _a35 ص | ||
| 490 |
_aالهيئة العامة للاستعلامات _v0 |
||
| 650 | 0 | 4 | _aالقران - اداب التلاوة |
| 942 |
_2ddc _cBK |
||
| 999 |
_c51386 _d51386 |
||